[Event "Vienna Kavalier op 3rd"]
[Site "Vienna"]
[Date "2008.11.02"]
[Round "5"]
[White "Radfar, Ayda"]
[Black "Mitzka, Franz"]
[Result "0-1"]
[WhiteElo "1856"]
[BlackElo "2021"]
[PlyCount "84"]
[EventDate "2008.10.31"]
[EventType "swiss"]
[EventRounds "5"]
[EventCountry "AUT"]
[SourceTitle "EXT 2009"]
[Source "ChessBase"]
[SourceDate "2008.11.26"]
[SourceVersion "1"]
[SourceVersionDate "2008.11.26"]
[SourceQuality "1"]

1. c4 Nf6 2. Nf3 g6 3. g3 Bg7 4. Bg2 0-0 5. 0-0 d6 6. Nc3 e5 7. d4 Nbd7 8. Be3 exd4 9. Nxd4 Re8 10. Rc1 c6 11. Nb3 Ne5 12. Nd2 Qe7 13. Nce4 Nxe4 14. Nxe4 Nxc4 15. Rxc4 d5 16. Ra4 dxe4 17. Rxe4 Be6 18. Qc1 Qc7 19. Ra4 Rec8 20. Qc2 Rd8 21. b4 Bd4 22. Bg5 Rd7 23. b5 c5 24. Rd1 Bg7 25. Rb1 Qb6 26. Qc1 Rc8 27. Be4 c4 28. Bd3 Bd4 29. e3 Bg7 30. Bxc4 Qc5 31. Rbb4 Qxg5 32. Qf1 Rcd8 33. Be2 Qc5 34. Rb1 Rc7 35. Bd3 Bh3 36. Qe2 Qd5 37. Be4 Qd2 38. Qxd2 Rxd2 39. Rxa7 Rb2 40. Ra8+ Bf8 41. Rd1 Rxb5 42. Bf3 Rbc5 0-1

[Event "Donau op-B 08th"]
[Site "Aschach"]
[Date "1999.12.28"]
[Round "4"]
[White "Kainz, Josef"]
[Black "Mitzka, Franz"]
[Result "1-0"]
[WhiteElo "1839"]
[BlackElo "1878"]
[PlyCount "111"]
[EventDate "1999.12.26"]
[EventType "swiss"]
[EventRounds "7"]
[EventCountry "AUT"]
[SourceTitle "EXT 2004"]
[Source "ChessBase"]
[SourceDate "2003.11.25"]
[SourceVersion "1"]
[SourceVersionDate "2003.11.25"]
[SourceQuality "1"]

1. d4 Nf6 2. c4 g6 3. Nc3 Bg7 4. e4 d6 5. f3 0-0 6. Be3 e5 7. Nge2 Nc6 8. Qd2 Nd7 9. g4 exd4 10. Nxd4 Nde5 11. Be2 Qh4+ 12. Bf2 Nxd4 13. Qxd4 Qh3 14. Qe3 Be6 15. Nd5 Bxd5 16. cxd5 f5 17. gxf5 gxf5 18. 0-0-0 fxe4 19. Qxe4 Rae8 20. Bb5 Re7 21. f4 Ng6 22. Qc2 Rxf4 23. a3 a6 24. Bf1 Qf3 25. Bg3 Rf8 26. Bd3 Qh5 27. Kb1 Ne5 28. Rde1 Rff7 29. Be4 Ng6 30. Rhg1 Ne5 31. Re2 Kh8 32. Ree1 Kg8 33. Re3 Ng4 34. Bxh7+ Kf8 35. Rxe7 Rxe7 36. Rf1+ Nf6 37. Bg6 Qg5 38. Bf4 Qxd5 39. h4 Qb5 40. Bd3 Qc6 41. Qf2 Qd5 42. Bg6 Kg8 43. Rg1 Ne4 44. Qc2 Qd4 45. Rf1 Nc5 46. h5 Re6 47. Bc1 Rf6 48. Rxf6 Bxf6 49. h6 Kf8 50. Qf5 Qh4 51. Qc8+ Bd8 52. h7 Kg7 53. Qf5 Qf6 54. h8Q+ Kxh8 55. Qh5+ Kg8 56. Qh7+ 1-0

[Event "Scharnstein op 2nd"]
[Site "Scharnstein"]
[Date "1999.??.??"]
[Round "?"]
[White "Mitzka, Franz"]
[Black "Nussbaumer, Florian"]
[Result "1/2-1/2"]
[WhiteElo "1905"]
[BlackElo "1860"]
[PlyCount "31"]
[EventDate "1999.??.??"]
[EventType "swiss"]
[EventRounds "5"]
[EventCountry "AUT"]
[SourceTitle "EXT 2004"]
[Source "ChessBase"]
[SourceDate "2003.11.25"]
[SourceVersion "1"]
[SourceVersionDate "2003.11.25"]
[SourceQuality "1"]

1. e4 c5 2. Nf3 d6 3. Be2 Nc6 4. d3 e6 5. Be3 Nf6 6. 0-0 Be7 7. h3 a6 8. a4 0-0 9. Nbd2 Rb8 10. Nh2 b5 11. axb5 axb5 12. f4 d5 13. f5 d4 14. Bf4 Bd6 15. Bg5 exf5 16. exf5 1/2-1/2

[Event "Plzen op-C U18"]
[Site "Plzen"]
[Date "1998.??.??"]
[Round "2"]
[White "Gruss, Horst"]
[Black "Mitzka, Franz"]
[Result "1-0"]
[WhiteElo "1860"]
[BlackElo "2035"]
[PlyCount "95"]
[EventDate "1998.08.??"]
[EventType "swiss"]
[EventRounds "9"]
[EventCountry "CZE"]
[SourceTitle "EXT 2000"]
[Source "ChessBase"]
[SourceDate "1999.11.16"]
[SourceVersion "1"]
[SourceVersionDate "1999.11.16"]
[SourceQuality "1"]

1. e4 e5 2. Nf3 Nc6 3. d4 exd4 4. Nxd4 Bc5 5. Nxc6 Qf6 6. Qe2 bxc6 7. Nc3 Ne7 8. Qf3 Qxf3 9. gxf3 0-0 10. Bd3 Re8 11. Na4 Bb6 12. Bd2 a5 13. Nxb6 cxb6 14. Be3 c5 15. Bb5 Ng6 16. 0-0-0 Nh4 17. Rd6 Re6 18. Rhd1 Nxf3 19. Rxe6 fxe6 20. Bxd7 Bxd7 21. Rxd7 Nxh2 22. Rd6 Rb8 23. Rxe6 Nf3 24. Kd1 Kf7 25. Rc6 Rb7 26. Ke2 Ne5 27. Rd6 Nc4 28. Rc6 Nxb2 29. f4 Nc4 30. Kd3 Nxe3 31. Kxe3 Ke7 32. e5 Kd7 33. Rd6+ Kc7 34. Ke4 Rb8 35. Rd2 Rd8 36. Rh2 Rd7 37. e6 Re7 38. Ke5 b5 39. f5 c4 40. Rd2 Kc6 41. Rd6+ Kc7 42. Ra6 a4 43. Ra7+ Kd8 44. Ra8+ Kc7 45. f6 gxf6+ 46. Kxf6 Kb7 47. Kxe7 Kxa8 48. Kd8 1-0

[Event "Plzen op-C U18"]
[Site "Plzen"]
[Date "1998.??.??"]
[Round "5"]
[White "Mitzka, Franz"]
[Black "Rybak, Milan"]
[Result "0-1"]
[WhiteElo "2035"]
[BlackElo "2280"]
[PlyCount "108"]
[EventDate "1998.08.??"]
[EventType "swiss"]
[EventRounds "9"]
[EventCountry "CZE"]
[SourceTitle "EXT 2000"]
[Source "ChessBase"]
[SourceDate "1999.11.16"]
[SourceVersion "1"]
[SourceVersionDate "1999.11.16"]
[SourceQuality "1"]

1. e4 e5 2. Nf3 Nc6 3. Bb5 f5 4. d4 fxe4 5. Nxe5 Nxe5 6. dxe5 c6 7. Nc3 cxb5 8. Nxe4 d5 9. exd6 Nf6 10. 0-0 Nxe4 11. Qh5+ g6 12. Qe5+ Kf7 13. Qxh8 Nf6 14. Bg5 Be6 15. Rad1 Bg7 16. Qxd8 Rxd8 17. Rfe1 Rd7 18. Re5 a6 19. b3 Bf8 20. Re3 Bxd6 21. Red3 Be5 22. Rxd7+ Nxd7 23. Kf1 Bf5 24. h3 Ke6 25. Re1 Kd5 26. f4 Bc3 27. Re7 h5 28. Ke2 Nc5 29. Kd1 b6 30. Re8 Ne6 31. Bh6 b4 32. Re7 Nd4 33. Kc1 Ne6 34. Kd1 Bd4 35. Kd2 Ke4 36. Ke2 Bc5 37. Re8 Bd6 38. Kd2 a5 39. Bg5 Kd5 40. Bh6 Bxf4+ 41. Bxf4 Nxf4 42. g4 hxg4 43. hxg4 Bxg4 44. c4+ bxc3+ 45. Kxc3 Be6 46. Rf8 Ke4 47. Kd2 g5 48. Rb8 g4 49. Rxb6 g3 50. Ke1 Kf3 51. Rc6 Bf5 52. Kd2 g2 53. Rc1 Kf2 54. a3 Bd3 0-1

[Event "Donau op 06th"]
[Site "Aschach"]
[Date "1997.12.26"]
[Round "1"]
[White "Schmidt, Peter"]
[Black "Mitzka, Franz"]
[Result "1-0"]
[WhiteElo "2410"]
[BlackElo "2035"]
[PlyCount "28"]
[EventDate "1997.12.26"]
[EventType "swiss"]
[EventRounds "7"]
[EventCountry "AUT"]
[SourceTitle "CBM 063 Extra"]
[Source "ChessBase"]
[SourceDate "1998.04.29"]
[SourceVersion "1"]
[SourceVersionDate "1998.04.29"]
[SourceQuality "1"]

1. e4 e5 2. Nf3 Nc6 3. Bc4 Nf6 4. d3 Be7 5. 0-0 d6 6. a4 Nh5 7. Ng5 Bxg5 8. Qxh5 g6 9. Qxg5 f6 10. Qh6 Qe7 11. Nc3 Be6 12. Bxe6 Qxe6 13. Nd5 0-0-0 14. Qg7 Kb8 1-0